| 000 | 01102nam1a22002411i 4500 | ||
|---|---|---|---|
| 001 | rc\3996240 | ||
| 005 | 20260408010558.0 | ||
| 035 | _a(NLR Aleph) 008070685 | ||
| 090 |
_a9060846 _c9060846 |
||
| 100 | _a20130415d1954 |||y0rusy50 ca | ||
| 101 | 0 | _arus | |
| 102 | _aRU | ||
| 105 | _a z ||||| | ||
| 200 | 1 |
_aВсесоюзная родословная книга охотничьих собак _f[Под общ. ред. эксперта-кинолога Всесоюз. категории Рождественского В.П. _gГл. упр. охотничьего хозяйства М-ва сельского хозяйства РСФСР. Т. 1]- |
|
| 210 |
_aГорький _cБ. и. _d1954 |
||
| 215 | _d23 | ||
| 606 |
_aСобаки охотничьи _xРодословные книги _2psbo |
||
| 702 | 1 |
_aРождественский _bВ.П. _4340 |
|
| 712 | 0 | 1 |
_aРСФСР _bГлавное управление охотничьего хозяйства _3RU\NLR\AUTH\8810171982 _9839797 |
| 801 | 0 |
_aRU _bNLR _gpsbo |
|
| 801 | 1 |
_aRU _bELAR _2rusmarc |
|
| 852 |
_aNLR _jС90 Г-5/195 |
||
| 942 | _cBOOK | ||